Ancient India/ (Record no. 174963)

MARC details
000 -LEADER
fixed length control field 00570nam a22001817a 4500
005 - DATE AND TIME OF LATEST TRANSACTION
control field 20200803153736.0
010 ## - LCCN (DPL NO)
LC control number ENG-128302
020 ## - INTERNATIONAL STANDARD BOOK NUMBER
Terms of availability 295.00
International Standard Book Number 9789352837243
035 ## - SYSTEM CONTROL NUMBER
System control number EN-111834
037 ## - SOURCE OF ACQUISITION
Source of stock number/acquisition DBAD/PUB
082 ## - DEWEY DECIMAL CLASSIFICATION NUMBER
Classification number 954.1
Edition number 14ed.
100 ## - MAIN ENTRY--PERSONAL NAME
Personal name Mahajan, V D
245 ## - TITLE STATEMENT
Title Ancient India/
Statement of responsibility, etc by V D Mahajan
260 ## - PUBLICATION, DISTRIBUTION, ETC. (IMPRINT)
Place of publication, distribution, etc New Delhi
Name of publisher, distributor, etc S.Chand
Date of publication, distribution, etc 2019
270 ## - ADDRESS
Address Head Office:7361,Ram Nagar,Qutab Rord
City New Delhi
Postal code 110055
Telephone number 23672080
Fax number 91-11-23677446
Electronic mail address info@schandpublishing.com
300 ## - PHYSICAL DESCRIPTION
Extent xxvi;668p.
Dimensions 24cm(pbk)
942 ## - ADDED ENTRY ELEMENTS (KOHA)
Source of classification or shelving scheme Dewey Decimal Classification
Item type English Books
Classification part 954.01
Call number suffix MAH
Holdings
Withdrawn status Lost status Not for loan Collection code Home library Current library Date acquired Source of acquisition Cost, normal purchase price Full call number Barcode Copy number Cost, replacement price Koha item type
      Non-fiction Central Library Central Library 03/08/2020 DBAD/PUB 295.00 954.01 MAH EN-111834 1 295.00 English Books

© Delhi Public Library
Hit Counter
free hit counter